Star Wars: The Clone Wars Characters by Picture - Statistics

General Stats
  • This quiz has been taken 939 times
    915 since last reset
  • The average score is 21 of 50
Answer Stats
Picture Answer % Correct
Cad Bane
92%
R2-D2 "Artoo"
92%
Maul
91%
Wilhuff Tarkin
91%
Yoda
91%
Mace Windu
90%
C-3PO "Threepio"
89%
CT-7567 "Rex"
89%
Jar Jar Binks
89%
Kit Fisto
89%
Dooku
88%
Chewbacca
86%
Qui-Gon Jinn
86%
CC-2224 "Cody"
84%
Savage Opress
84%
Ahsoka Tano
83%
Barriss Offee
83%
Padmé Amidala Naberrie
83%
Pong Krell
83%
99
82%
Asajj Ventress
82%
CT-21-0408 "Echo"
81%
CT-9904 "Crosshair"
81%
Ki-Adi-Mundi
81%
CT-27-5555 "Fives"
80%
CT-9903 "Wrecker"
80%
Sheev Palpatine
80%
CT-9902 "Tech"
79%
Bail Organa
78%
Bo-Katan Kryze
78%
Bossk'wassak'Cradossk
78%
C1-10P "Chopper"
77%
Luminara Unduli
77%
Grievous
76%
Hondo Ohnaka
76%
Jabba Desilijic Tiure
76%
Aayla Secura
75%
Satine Kryze
74%
Nute Gunray
72%
Omega
72%
CT-9901 "Hunter"
70%
Caleb Dume
69%
Shaak Ti
69%
"Waxer"
69%
Yaddle
69%
Ziro Desilijic Tiure
68%
Grand Inquisitor
67%
Pre Vizsla
67%
Thrawn
67%
Zillo Beast
67%
Father
64%
Quinlan Vos
64%
Saw Gerrera
64%
Aurra Sing
63%
Talzin
63%
CC-1010 "Fox"
62%
Eeth Koth
62%
Poggle the Lesser
61%
Embo
60%
CC-5576-39 "Gregor"
59%
Jocasta Nu
59%
Daughter
58%
Nala Se
57%
Trench
57%
Darth Bane
56%
Wat Tambor
56%
Wullf Yularen
56%
CT-5385 "Tup"
55%
CT-6922 "Dogma"
55%
Depa Billaba
55%
Mon Mothma
55%
Rako Hardeen
55%
Son
55%
CT-5597 "Jesse"
53%
Adi Gallia
52%
Gungi
52%
Hera Syndulla
52%
CC-1004 "Gree"
51%
CT-6116 "Kix"
49%
Even Piell
49%
Fennec Shand
49%
Boba Fett
48%
Lux Bonteri
48%
"Thorn"
48%
CC-1119 "Appo"
47%
Dengar the Demolisher
46%
Cut Lawquane
45%
Gial Ackbar
43%
"Howzer"
42%
Rush Clovis
42%
Steela Gerrera
42%
"Boil"
41%
Cham Syndulla
41%
Greedo
41%
"Hardcase"
41%
Ima-Gun Di
41%
Lee-Char
41%
R4-P17
41%
CC-5052 "Bly"
40%
Gar Saxon
39%
CC-1138 "Bacara"
38%
Orn Free Taa
38%
RC-1262 "Scorch"
38%
Riyo Chuchi
38%
CC-8826 "Neyo"
37%
LH-201 "Batcher"
37%
Mina Bonteri
37%
Sifo-Dyas
37%
Tiplar
37%
Tiplee
37%
Morgan Elsbeth
36%
Tera Sinube
36%
Trace Martez
36%
"Hawk"
35%
Nahdar Vebb
35%
Saesee Tiin
35%
Edmon Rampart
34%
Katuunko
34%
Korkie Kryze
33%
Sy Snootles
33%
"Colt"
32%
CT-0292 "Vaughn"
31%
"Doom"
31%
"Slick"
31%
Almec
30%
AZI-345211896246498721347
30%
Gonky
30%
Rafa Martez
30%
Ciddarin Scaleback
29%
Huyang
29%
Moralo Eval
29%
Oppo Rancisis
29%
Orson Krennic
29%
"Keeli"
28%
Royce Hemlock
28%
Finis Valorum
27%
Mas Amedda
27%
CT-411 "Ponds"
26%
"Hammer"
26%
Marg Krim
26%
"Mayday"
26%
Todo 360
26%
Cin Drallig
25%
Emerie Karr
25%
Riff Tamson
25%
"Blitz"
24%
Fourth Sister
24%
Onaconda Farr
24%
CC-10/994 "Grey"
23%
Marrok
23%
"Blackout"
22%
"Monnk"
22%
RC-1207 "Sev"
22%
Ursa Wren
22%
"Havoc"
21%
RC-1138 "Boss"
21%
Suu Lawquane
20%
CC-1993 "Jet"
19%
CC-4477 "Thire"
19%
Notluwiski Papanoida
19%
RC-1140 "Fixer"
19%
CT-4860 "Boost"
18%
R7-A7
18%
Sugi
18%
Meebur Gascon
17%
Clone X
16%
CT-4040 "Cutup"
16%
"Fil"
16%
Old Daka
15%
Osi Sobeck
15%
Bric
14%
CT-1284 "Spark"
14%
Halle Burtoni
14%
"Crys"
13%
Faro Argyus
13%
Petro
13%
Rook Kast
13%
Castas
11%
CX-2
11%
Jek Lawquane
11%
Chi Cho
10%
Kalifa
10%
Katooni
10%
Rukh
10%
Thi-Sen
10%
Dante
9%
Kalani
9%
Latts Razzi
9%
"Nemec"
9%
Nossor Ri
9%
O-Mer
9%
Sanjay Rash
9%
Shaeeah Lawquane
9%
Sionver Boll
9%
Byph
8%
CC-4142 "Lock"
8%
"Fireball"
8%
C-21 Highsinger
7%
CT-0409 "Slip"
7%
Miraj Scintel
7%
Nolan
7%
Tal Merrik
7%
Ziton Moj
7%
Avi Singh
6%
El-Les
6%
Ganodi
6%
Scalder
6%
Tan Divo
6%
Ahmar
5%
Shahan Alama
5%
Jinx
4%
Zatt
4%
Nadura
3%
Xomit Grunseit
3%
Agruss
1%
No matching quizzes found
Score Distribution
Percent of People with Each Score
Percentile by Number Answered
Your Score History
You have not taken this quiz since the last reset